Ciudades más grandes por superficie de cada continente - Estadísticas

Estadísticas generales
  • Esta prueba ha sido intentada 75 veces
  • La puntuación promedio es 7 de 15
Estadísticas de respuestas
Continente País Superficie Ciudad % Correcto
Reino Unido 1,572 km² Londres
99%
Argentina 4,758 km² Buenos Aires
97%
Europa Rusia 2,511 km² Moscú
97%
Turquía 1,539 km² Estambul
94%
America Estados Unidos 12,093 km² Nueva York
94%
Brasil 5,802 km² Brasilia
84%
República Democrática del Congo 9,965 km² Kinsasa
62%
Africa Sudán 22,142 km² Jartum
55%
Botsuana 19,730 km² Gaborone
35%
Asia China 82,403 km² Chongqing
13%
China 118,015 km² Altái
1%
Australia 15,842 km² Greater Brisbane
0%
China 263,953 km² Hulunbuir
0%
Oceanía Australia 95,575 km² Kalgoorlie
0%
Australia 43,310 km² Mount Isa
0%
No se encontraron pruebas coincidentes
Distribución de puntuación
Porcentaje de gente con cada puntuación
Porcentaje por número respondido
Historial de tus puntuaciones
No has intentado esta prueba.